000 00677nam a2200217 i 4500
001 108130
003 ES-MaACL
005 20230906184602.0
007 t|
008 070124s1932 fr ||||1| fre d
080 _a792(44)
100 1 _aAntoine, André.
_921909
245 1 3 _aLe théatre /
_cpar Antoine.
260 _aParis :
_bLes Editions de France,
_c[1932]
300 _a515 p. ;
_c21 cm.
490 1 _aLa troisième République de 1870 á nos jours
650 1 4 _aTeatro-
_zFrancia.
_917308
830 1 _aLa troisième République de 1870 á nos jours
_9232926
852 4 _aES-MaACL
_jE-11545
_z- Biblioteca Jacinto Martínez Lacalle
999 _c108130
_d108130